Clonal nursery evaluation of half-sib progenies in two different agro-climatic regions (Record no. 49089)

MARC details
000 -LEADER
fixed length control field 00465nam a2200169Ia 4500
100 ## - MAIN ENTRY--AUTHOR NAME
Personal name Abraham T
245 #0 - TITLE STATEMENT
Title Clonal nursery evaluation of half-sib progenies in two different agro-climatic regions
260 ## - PUBLICATION, DISTRIBUTION, ETC. (IMPRINT)
Name of publisher Rubber Science
Year of publication 2016
300 ## - PHYSICAL DESCRIPTION
Number of Pages 264-276
650 ## - SUBJECT ADDED ENTRY--TOPICAL TERM
Topical Term Clonal nursery
650 ## - SUBJECT ADDED ENTRY--TOPICAL TERM
Topical Term Half-sib progeny
650 ## - SUBJECT ADDED ENTRY--TOPICAL TERM
Topical Term Test tapping
700 ## - ADDED ENTRY--PERSONAL NAME
Personal name Ajithkumar E
700 ## - ADDED ENTRY--PERSONAL NAME
Personal name Mydin K K
942 ## - ADDED ENTRY ELEMENTS (KOHA)
Koha item type Bibliography STAF
Holdings
Withdrawn status Lost status Damaged status Not for loan Home library Current library Shelving location Date acquired Serial Enumeration / chronology Koha item type
      Bibliography RRII Library RRII Library Botany 01/01/2021 Volume 29, Issue 3 Bibliography STAF